Taylor Swift song titles in other songs 1 - Statistics

General Stats
  • This quiz has been taken 56 times
  • The average score is 3 of 11
Answer Stats
Lyric Song(s) % Correct
'invisible' Superstar | Dancing With Our Hands Tied | The Archer | invisible string
90%
'Florida' Fortnight
44%
'haunted' ...Ready For It? | Death By A Thousand Cuts | seven | happiness | Midnight Rain | Guilty As Sin? | Florida!!! | Beautiful Ghosts
39%
'fearless' The Man | Peter
34%
'the last time' Mr. Perfectly Fine | Bye Bye Baby | Back To December | Babe | Getaway Car | betty | Anti-Hero
32%
'clean' Breathe | You All Over Me | State Of Grace | Karma | thanK you aIMee | imgonnagetyouback | The Black Dog
17%
'delicate' Foolish One | Come Back... Be Here | coney island
17%
'question' I Heart ? | Enchanted | The Man | coney island
17%
'lover' The Lucky One | Call It What You Want | ME! | Mastermind
15%
'happiness' Christmas Must Be Something More | Tim McGraw
12%
'peace' Silent Night | Speak Now | We Are Never Ever Getting Back Together | You Need To Calm Down | long story short | Bejeweled
7%
No matching quizzes found
Score Distribution
Percent of People with Each Score
Percentile by Number Answered
Your Score History
You have not taken this quiz